000
00286nam a22001337a 4500
020
_a
978-0-7214-393-7
082
_a
823
_b
BIR/G
100
_a
BIRKINSHAW, MARIE
245
_a
GHOST HOUSE
260
_a
LONDON
_b
LADYBIRD
300
_a
31
650
_a
ENGLISH SHORT STORY
_z
UK
942
_c
BK
999
_c
4660
_d
4660